000 01419nam a2200265Ia 4500
003 PE SENCICO BE
005 20251020182431.0
008 200515s9999 xx 000 0 und d
020 _a84-252-2070-X
040 _aPE SENCICO BE
_cPE SENCICO BE
041 _aspa
082 _a747
_bG45
100 1 _aGibbs, Jenny
_92599
_eautor
245 1 0 _aDiseño de interiores :
_bguía útil para estudiantes y profesionales /
_cJenny Gibbs
260 _aBarcelona :
_bGustavo Gili ;
_c2006
300 _a192 p. :
_bil., tbl., graf. ;
_c25 cm.
505 0 _aTrabajo previo al diseño -- Proyecto y diseño -- Armonizar los elementos de un diseño -- Dirección y coordinación del proyecto -- De la formación del interiorista al primer empleo -- Desarrollo profesional
520 3 _aAborda temas como el desarrollo del programa con la colaboración del cliente, las presentaciones y muestrarios, la selección de materiales y diseños, la planificación y la dirección del proyecto. Este libro está pensado, fundamentalmente, para estudiantes, pero también puede servir de referencia y guía para los profesionales y para aquellas personas aficionadas que estén interesadas en la profesión.
650 1 0 _aDiseño de interiores
_944
650 2 0 _aDiseño
_9965
650 2 0 _aArquitectura de interiores
_98
650 2 0 _aColor en el diseño
_91793
650 2 0 _aDecoración de interiores
_925
942 _cLIB
_2ddc
999 _c264
_d264